Biblioteka Instytutu Północnego w Olsztynie

Widok standardowy Widok MARC

Pozycja Corporate Name

Liczba rekordów, w których użyto hasła: 1

001 - Numer kontrolny

  • control field: 38858

003 - Identyfikator numeru kontrolnego

  • control field: NUKAT

005 - Data i czas ostatniej modyfikacji

  • control field: 20260324101237.0

008 - Dane kontrolne kodowane (40 znaków)

  • fixed length control field: 050120n||azznnbabn |a ana |

010 ## - Numer kontrolny Biblioteki Kongresu

  • numer kontrolny LC: p 2004428728

024 7# - OTHER STANDARD IDENTIFIER

  • Standard number or code: 1782156012429749700007
  • Source of number or code: viaf

035 ## - Numer systemowy

  • numer systemowy: a12368556

035 ## - Numer systemowy

  • numer systemowy: (PL)a0000001236855

040 ## - Instytucja sporządzająca rekord

  • inst. przygot. dane do rek. khw: WA N
  • język haseł przedmiotowych/tezaurus: DBN
  • inst. wprow. rek. khw: WA N

043 ## - Kod obszaru geograficznego

  • ISO code: UA

110 2# - Hasło - nazwa ciała zbiorowego

  • nazwa ciała zbior. lub geogr. na pocz.: Ossolineum (Lwów)

368 ## - Other Attributes

  • Corp type: Drukarnie

370 ## - Associated place

  • Residence/HQ: Lwów (Ukraina, obw. lwowski)

370 ## - Associated place

  • Country: Ukraina

377 ## - Assoc lang

  • Lang code: ukr

410 2# - Trop zob. - nazwa ciała zbiorowego

  • nazwa ciała zbior. lub geogr. na pocz.: Drukarnia Zakładu Narod. im. Ossolińskich (Lwów)

410 2# - Trop zob. - nazwa ciała zbiorowego

  • nazwa ciała zbior. lub geogr. na pocz.: Ossolińskischen National-Instituts-Druckerei

410 2# - Trop zob. - nazwa ciała zbiorowego

  • nazwa ciała zbior. lub geogr. na pocz.: Zakład Narodowy im. Ossolińskich (Lwów)

410 2# - Trop zob. - nazwa ciała zbiorowego

  • nazwa ciała zbior. lub geogr. na pocz.: Drukarnia Zakładu Nar. im. Ossolińskich

410 2# - Trop zob. - nazwa ciała zbiorowego

  • nazwa ciała zbior. lub geogr. na pocz.: Instytut Ossolińskich

410 2# - Trop zob. - nazwa ciała zbiorowego

  • nazwa ciała zbior. lub geogr. na pocz.: Drukarnia Inst. Ossolińskich

410 2# - Trop zob. - nazwa ciała zbiorowego

  • nazwa ciała zbior. lub geogr. na pocz.: Drukarnia Zakładu Ossolińskich

410 2# - Trop zob. - nazwa ciała zbiorowego

  • nazwa ciała zbior. lub geogr. na pocz.: Drukarnia Instytutu Ossolińskich

410 2# - Trop zob. - nazwa ciała zbiorowego

  • nazwa ciała zbior. lub geogr. na pocz.: Nakładem Zakładu Narodowego im. Ossolińskich (Lwów)

410 2# - Trop zob. - nazwa ciała zbiorowego

  • nazwa ciała zbior. lub geogr. na pocz.: Nakładem Zakładu Narodowego imienia Ossolińskich (Lwów)

410 2# - Trop zob. - nazwa ciała zbiorowego

  • nazwa ciała zbior. lub geogr. na pocz.: Z Drukarni Zakładu Narodowego im. Ossolińskich

410 2# - Trop zob. - nazwa ciała zbiorowego

  • nazwa ciała zbior. lub geogr. na pocz.: Z Drukarni Zakładu Narodowego im. Ossolińkich pod zarządem Juliusza Birkenmaiera

410 2# - Trop zob. - nazwa ciała zbiorowego

  • nazwa ciała zbior. lub geogr. na pocz.: Z Drukarni Zakładu Narodowego im. Ossolińskich pod zarządem Juliusza Birkenmaiera

410 2# - Trop zob. - nazwa ciała zbiorowego

  • nazwa ciała zbior. lub geogr. na pocz.: Z Drukarni Zakładu Nar. Im. Ossolińskich pod zarządem uprzyw. dzierżawcy A. Vogla

510 2# - Trop zob. też - nazwa ciała zbiorowego

  • nazwa ciała zbior. lub geogr. na pocz.: Ossolineum

550 ## - Trop zob. też - nazwa pospolita

  • nazwa posp. lub nazwa geogr. na pocz.: Ossolineum (Lwów ; budynek)

670 ## - Źródło informacji

  • źródło informacji: Ś.p. Jozafat hr. Plater Zyberek : wspomnienie pośmiertne. - Lwów, 1933.
  • gdzie znaleziono informację: (Drukarnia Zakładu Nar. im. Ossolińskich)

670 ## - Źródło informacji

  • źródło informacji: EWoK

670 ## - Źródło informacji

  • źródło informacji: Sätze aus sämmtlichen Rechts- und Staats- Wissenschaften, deren öffentliche Vertheidigung [...] an der K. K. Franzens-Universität zu Lemberg Apolinar von Jaroszyński [...]. - [Lwów], 1852.
  • gdzie znaleziono informację: (Forma: Ossolińskischen National-Instituts-Druckerei)

670 ## - Źródło informacji

  • źródło informacji: Hymn za Ojczyznę naszą / poprawiony przez Wincentrgo Smagłowskiego roku zbawienia 1848. - [S.l.], [1848].
  • gdzie znaleziono informację: Druk (z druk. Inst. Ossolińskich)

670 ## - Źródło informacji

  • źródło informacji: Szkółka dla młodzieży. Cz. 1, Elementarz. - We Lwowie, 1893.
  • gdzie znaleziono informację: Nakładca (Nakładem Zakładu Narodowego im. Ossolińskich)

670 ## - Źródło informacji

  • źródło informacji: Szkółka dla młodzieży. Cz. 3. - We Lwowie, 1893.
  • gdzie znaleziono informację: Nakładca (Nakładem Zakładu Narodowego imienia Ossolińskich), Druk (Z Drukarni Zakładu Narodowego im. Ossolińkich pod zarządem Juliusza Birkenmaiera)

670 ## - Źródło informacji

  • źródło informacji: Szkółka dla młodzieży. Cz. 4. - We Lwowie, 1893.
  • gdzie znaleziono informację: Nakładca (Nakładem Zakładu Narodowego imienia Ossolińskich), Druk (Z Drukarni Zakładu Narodowego im. Ossolińskich)

670 ## - Źródło informacji

  • źródło informacji: Wybór wierszyków polskich i francuzkich używanych do deklamacyi, spiewu i zabaw w szkole froeblowskiej Pietraszewskich we Lwowie poprzedzony popularnem wyjaśnieniem metody Froebla, opisem szkoły oraz sposobu uczenia w niej dziatek. - [Lwów], [1875].
  • gdzie znaleziono informację: Druk (z Drukarni Zakładu Nar. Im. Ossolińskich pod zarządem uprzyw. dzierżawcy A. Vogla)
Biblioteka Instytutu Północnego, ul. Partyzantów 87, 10-402 Olsztyn, email: biblioteka(at)ip.olsztyn.pl